Marcatori della Juventus in UEFA Champions League 2021-2022 - Statistics

Statistiche generali
  • Questo quiz è stato fatto 55 volte
  • Il punteggio medio è 8 su 11
Statistiche sulle risposte
Partita Minuto Marcatore % Corretto
Villarreal - Juventus 1-1 1' Dušan Vlahović
96%
Juventus - Chelsea 1-0 46' Federico Chiesa
96%
Juventus - Zenit San Pietroburgo 4-2 73' Federico Chiesa
96%
Malmö FF - Juventus 0-3 45' Paulo Dybala
91%
Juventus - Zenit San Pietroburgo 4-2 11' Paulo Dybala
91%
Juventus - Zenit San Pietroburgo 4-2 58' Paulo Dybala
91%
Malmö FF - Juventus 0-3 46' Álvaro Morata
72%
Juventus - Zenit San Pietroburgo 4-2 82' Álvaro Morata
72%
Juventus - Malmö FF 1-0 18' Moise Kean
49%
Zenit San Pietroburgo - Juventus 0-1 86' Dejan Kulusevski
40%
Malmö FF - Juventus 0-3 23' Alex Sandro
30%
Nessun quiz corrispondente trovato
Distribuzione punteggi
Percentuale di utenti per punteggio
Percentile per numero di risposta
I tuoi punteggi nel tempo
Non hai fatto questo quiz